B R Ambedkar the architect of modern India's social and political landscape (Record no. 394219)
[ view plain ]
| 000 -LEADER | |
|---|---|
| fixed length control field | 00603 a2200217 4500 |
| 005 - DATE & TIME | |
| control field | 20260108124215.0 |
| 008 - FIXED-LENGTH DATA ELEMENTS--GENERAL INFORMATION | |
| fixed length control field | 260105b |||||||| |||| 00| 0 eng d |
| 020 ## - ISBN | |
| International Standard Book Number | 9788119051205 |
| Price | Rs. 1295.00 |
| 040 ## - CATALOGING SOURCE | |
| Original cataloging agency | VIVEKANANDA LIBRARY |
| 082 ## - DDC NUMBER | |
| Classification number | 954.035092 |
| Book Number | A16R:B |
| 100 ## - MAIN ENTRY--PERSONAL NAME | |
| Personal name | Rao, K S |
| 245 ## - TITLE STATEMENT | |
| Title | B R Ambedkar the architect of modern India's social and political landscape |
| 260 ## - PUBLICATION, DISTRIBUTION, ETC. (IMPRINT) | |
| Place of publication, distribution, etc | New Delhi |
| Name of publisher, distributor, etc | The Readers Paradise |
| Date of publication, distribution, etc | 2023 |
| 300 ## - PHYSICAL DESCRIPTION | |
| Pages | 264 |
| 650 ## - Subject | |
| Subject | History-India |
| 650 ## - Subject | |
| Subject | Biography- Ambedkar, B R |
| 650 ## - Subject | |
| Subject | Social Thinker |
| 700 ## - Added Entry Personal Name | |
| Added Entry Personal Name | Laxmi, N |
| 700 ## - Added Entry Personal Name | |
| Added Entry Personal Name | Manoj Singh |
| 942 ## - ADDED ENTRY ELEMENTS (KOHA) | |
| Koha item type | Books |
| Withdrawn status | Lost status | Source of classification or shelving scheme | Damaged status | Not for loan | Location (home branch) | Sublocation or collection (holding branch) | Shelving location | Date acquired | Koha issues (times borrowed) | Koha full call number | Accession No. | Koha date last seen | Koha item type |
|---|---|---|---|---|---|---|---|---|---|---|---|---|---|
| Dewey Decimal Classification | VIVEKANANDA LIBRARY | VIVEKANANDA LIBRARY | Dr. Mangal Sen Chair | 12/12/2025 | 954.035092 A16R:B | 443603 | 12/12/2025 | Books |
